|
|
|
|
| LEADER |
00000cam a2200000 7i4500 |
| 001 |
0000002399 |
| 005 |
20030606.0 |
| 020 |
0 |
0 |
|a 9679933156
|
| 090 |
0 |
0 |
|a 172.209595
|b TON 1992
|
| 245 |
0 |
0 |
|a TONGGAK dua belas .
|l (twelve pillars)
|
| 260 |
0 |
0 |
|a Kuala Lumpur :
|b Institut Tadbiran Awam Negara ,
|c 1992
|
| 300 |
|
|
|a xviii, 63 p. ;
|c 21 cm.
|
| 650 |
0 |
0 |
|a Civil service ethics
|z Malaysia
|
| 650 |
0 |
0 |
|a Civil services
|z Malaysia
|
| 710 |
1 |
1 |
|a Institut Tadbiran Awam Negara (INTAN)
|
| 998 |
|
|
|a JPSM
|
| 999 |
|
|
|a 0000004306
|b Monograph
|c Open Shelf
|e Default branch
|
| 999 |
|
|
|a 0000004307
|b Monograph
|c Open Shelf
|e Default branch
|
| 999 |
|
|
|a 0000004308
|b Monograph
|c Open Shelf
|e Default branch
|